000 00715nac a22002051u 4500
010 _a 93074232
020 _a0030989272
082 0 0 _a330
_bB3488
090 _c4274
_d4274
100 _aBaumol, William J.
245 1 0 _aEconomics :
_bprinciples and policy /
_cWilliam J. Baumol, Alan S. Blinder.
250 _a6th ed.
260 _aFort Worth :
_bDryden Press,
_cc1994.
300 _a1 v. (various pagings) :
_bill. (some col.) ;
_c27 cm.
504 _aIncludes bibliographical references and index.
650 0 _aEconomics.
700 1 _aBlinder, Alan S.
942 _cBB
_k330B3488
999 _c4274
_d4274